Accounting for decision making and control (Record no. 12177)
[ view plain ]
| 000 -LEADER | |
|---|---|
| fixed length control field | 01246nam a22003137a 4500 |
| 005 - DATE AND TIME OF LATEST TRANSACTION | |
| control field | 20230512223913.0 |
| 008 - FIXED-LENGTH DATA ELEMENTS--GENERAL INFORMATION | |
| fixed length control field | 220711t xxu||||| |||| 00| 0 eng d |
| 020 ## - INTERNATIONAL STANDARD BOOK NUMBER | |
| International Standard Book Number | 9781260565478 |
| 040 ## - CATALOGING SOURCE | |
| Transcribing agency | CSPC |
| 082 0# - DEWEY DECIMAL CLASSIFICATION NUMBER | |
| Classification number | 658.1511 |
| Item number | Z655a |
| 100 ## - MAIN ENTRY--PERSONAL NAME | |
| Personal name | Zimmerman, Jerold L., |
| Relator term | author. |
| 245 00 - TITLE STATEMENT | |
| Title | Accounting for decision making and control |
| Statement of responsibility, etc. | Jerold L. Zimmerman |
| 250 ## - EDITION STATEMENT | |
| Edition statement | Tenth |
| Remainder of edition statement | Edition |
| 260 ## - PUBLICATION, DISTRIBUTION, ETC. | |
| Place of publication, distribution, etc. | New York : |
| Name of publisher, distributor, etc. | McGraw-Hill Education ; |
| Date of publication, distribution, etc. | 2020. |
| 300 ## - PHYSICAL DESCRIPTION | |
| Extent | xv, 671 pages : |
| Other physical details | tables ; |
| Dimensions | 27 cm. |
| 336 ## - CONTENT TYPE | |
| Source | rdacontent |
| Content type term | text |
| 337 ## - MEDIA TYPE | |
| Source | rdamedia |
| Media type term | unmediated |
| 338 ## - CARRIER TYPE | |
| Source | rdacarrier |
| Carrier type term | volume |
| 500 ## - GENERAL NOTE | |
| General note | Includes index. |
| 520 ## - SUMMARY, ETC. | |
| Summary, etc. | This reader-friendly textbook presents the core knowledge and skills required for a successful career in the culinary arts industry. The book is packed with well-illustrated and comprehensive content that is further complemented by hundreds of relevant performance applications that utilize skill-based recipes. |
| 650 10 - SUBJECT ADDED ENTRY--TOPICAL TERM | |
| Topical term or geographic name entry element | Managerial accounting. |
| 650 10 - SUBJECT ADDED ENTRY--TOPICAL TERM | |
| Topical term or geographic name entry element | Decision making. |
| 650 10 - SUBJECT ADDED ENTRY--TOPICAL TERM | |
| Topical term or geographic name entry element | Accounting. |
| 650 10 - SUBJECT ADDED ENTRY--TOPICAL TERM | |
| Topical term or geographic name entry element | Management. |
| 940 ## - EQUIVALENCE OR CROSS-REFERENCE--UNIFORM TITLE [OBSOLETE] [CAN/MARC only] | |
| Uniform title | <a href="Lenie">Lenie</a> |
| 942 ## - ADDED ENTRY ELEMENTS (KOHA) | |
| Koha item type | |
| -- | CIR 658.1511 Z655a 2020 |
| Withdrawn status | Lost status | Damaged status | Not for loan | Home library | Current library | Shelving location | Date acquired | Total Checkouts | Full call number | Barcode | Date last seen | Copy number | Price effective from | Koha item type |
|---|---|---|---|---|---|---|---|---|---|---|---|---|---|---|
| Main Library | Main Library | Circulation Section | 05/12/2023 | CIR 658.1511 Z655a 2020 | 024279 | 05/12/2023 | 2-2 | 05/12/2023 | Books | |||||
| Main Library | Main Library | Circulation Section | 05/12/2023 | CIR 658.1511 Z655a 2020 | 024278 | 05/12/2023 | 1-2 | 05/12/2023 | Books |